Criminal law reader /

Hlavní autor: Šimek, Radek, 1961-
Jazyk: Angličtina
Vydáno: Brno : Masarykova univerzita, 1994
Vydání: 1. vyd.
Edice: Edice učebnic Právnické fakulty Masarykovy univerzity v Brně
Témata:
Fyzický popis: 236 s.
Knihy
Uloženo v:
LEADER 01374nam a2200349 a 4500
001 000016335
003 CZ BrMZK
005 20211207123648.0
007 ta
008 950101s1994 xr f eng d
015 |a cnb000090896 
020 |a 80-210-1043-6 
040 |a BOA001  |b cze 
041 0 |a eng  |g cze 
080 |a 343(075.8)  |2 MRF 
100 1 |a Šimek, Radek,  |d 1961-  |7 mzk2005312783  |4 aut 
245 1 0 |a Criminal law reader /  |c Radek Šimek a kol 
250 |a 1. vyd. 
260 |a Brno :  |b Masarykova univerzita,  |c 1994 
300 |a 236 s. 
490 1 |a Edice učebnic Právnické fakulty Masarykovy univerzity v Brně ;  |v Č. 114 
500 |a Bibliogr. s. 229 
653 0 |a trestní právo 
830 0 |a Edice učebnic Právnické fakulty Masarykovy univerzity v Brně 
910 |a BOA001  |b 2-1005.396 
962 |a 343 
964 |a Právo trestní  |x texty anglicko-české  |x učebnice  |x školy vysoké 
990 |a BK 
996 7 |b 2610016667  |c 2-1005.396  |l MZK  |r Sklad / do 1 hodiny  |n 6  |p p.v.  |w 000016335  |u 000010  |a 1  |e BOA001  |j MZK50  |s A 
996 6 |b 2610052636  |c 2-1005.396  |l MZK  |r Sklad / do 1 hodiny  |n 0  |p kup  |w 000016335  |u 000020  |a 1  |e BOA001  |j MZK50  |s P 
996 7 |b 2610052637  |c 2-1005.396  |l MZK  |r Sklad / do 1 hodiny  |n 4  |p kup  |w 000016335  |u 000030  |a 1  |e BOA001  |j MZK50  |s A 
996 7 |b 2610052638  |c 2-1005.396  |l MZK  |r Sklad / do 1 hodiny  |n 9  |p kup  |w 000016335  |u 000040  |a 1  |e BOA001  |j MZK50  |s A